Boys Names that start with G - Statistics

General Stats
  • This quiz has been taken 419 times
  • The average score is 9 of 22
Answer Stats
Answer % Correct
George
84%
Gregory
80%
Gary
71%
Gabriel
66%
Gavin
61%
Grant
56%
Greyson
56%
Gordon
55%
Graham
48%
Gale
41%
Gus
41%
Garrett
40%
Glenn
40%
Giovanni
25%
Gene
23%
Gunther
23%
Gunnar
20%
Griffin
19%
Gage
18%
Garrison
14%
Gino
12%
Griffith
9%
No matching quizzes found
Score Distribution
Percent of People with Each Score
Percentile by Number Answered
Your Score History
You have not taken this quiz